Drama in the making / (Record no. 9950)
[ view plain ]
| 000 -LEADER | |
|---|---|
| fixed length control field | 00732nam a22002532a 4500 |
| 001 - CONTROL NUMBER | |
| JCCL Control Number | 9950 |
| 003 - CONTROL NUMBER IDENTIFIER | |
| JCCL marc code | BD - JhCC |
| 005 - DATE AND TIME OF LATEST TRANSACTION | |
| control field | 20180404095620.0 |
| 008 - FIXED-LENGTH DATA ELEMENTS--GENERAL INFORMATION | |
| fixed length control field | 180403m19551999enka 001 0 eng d |
| 035 ## - SYSTEM CONTROL NUMBER | |
| system control number | OCLC ocm15261779 from D960620M |
| -- | (BD - JhCC)9950 |
| 040 ## - CATALOGING SOURCE | |
| Original cataloging agency | IVD |
| Transcribing agency | IVD |
| Modifying agency | EQO |
| -- | BD - JhCC |
| 041 ## - LANGUAGE CODE | |
| Language code of Book | eng |
| 082 ## - DEWEY DECIMAL CLASSIFICATION NUMBER | |
| Author mark and Year | NEW 1955 |
| Classification number | 372.66 |
| 090 ## - LOCALLY ASSIGNED LC-TYPE CALL NUMBER (OCLC); LOCAL CALL NUMBER (OCLC) | |
| Classification number (OCLC) (R) ; Classification number, CALL (RLIN) (NR) | PN1655 |
| Local cutter number (OCLC) ; Book number/undivided call number, CALL (RLIN) | .N4 |
| 100 1# - MAIN ENTRY--PERSONAL NAME | |
| Personal name | Newton, Eric, |
| Dates associated with a name | 1893-1965. |
| 245 10 - TITLE STATEMENT | |
| Title | Drama in the making / |
| Statement of responsibility, etc | [By] Eric Newton and Jean McConnell |
| 260 ## - PUBLICATION, DISTRIBUTION, ETC. (IMPRINT) | |
| Place of publication, distribution, etc | London : |
| Name of publisher, distributor, etc | University of London Press, |
| Date of publication, distribution, etc | 1955. |
| 300 ## - PHYSICAL DESCRIPTION | |
| Pagination | 109 p. : |
| Other physical details | ill. ; |
| Dimensions | 20 cm |
| 500 ## - GENERAL NOTE | |
| General note | Includes indexes |
| 650 #0 - SUBJECT ADDED ENTRY--TOPICAL TERM | |
| Topical term or geographic name as entry element | Drama |
| General subdivision | Technique |
| 700 1# - ADDED ENTRY--PERSONAL NAME | |
| Personal name | McConnell, Jean, |
| Dates associated with a name | 1924?- |
| 942 ## - ADDED ENTRY ELEMENTS (KOHA) | |
| Source of classification or shelving scheme | Dewey Decimal Classification |
| Koha item type | Reference |
| Source of classification or shelving scheme | Damaged status | Not for loan | Home library | Current library | Shelving location | Date of accession | Total Checkouts | Full call number | Barcode | Date last seen | Copy number | Koha item type |
|---|---|---|---|---|---|---|---|---|---|---|---|---|
| Dewey Decimal Classification | JCC Rouf Library | JCC Rouf Library | General Stacks | 04/03/2018 | 372.66 NEW 1955 | 9126 | 04/03/2018 | C-1 | Reference |